Normal view MARC view

Entry Nome pessoal

Number of records used in: 1

001 - NÚMERO DE CONTROLE

  • campo de controle: 1660

003 - IDENTIFICADOR DO NÚMERO DE CONTROLE

  • campo de controle: DLC

005 - DATA E HORÁRIO DA ÚLTIMA TRANSAÇÃO

  • campo de controle: 20251127135702.0

008 - CAMPO DE DADOS FIXOS

  • campo de controle de tamanho fixo: 020520n| azannaabn |a aaa

010 ## - NÚMERO DE CONTROLE DA LIBRARY OF CONGRESS

  • Número de controle da LC: no2002043450

035 ## - NÚMERO DE CONTROLE DO SISTEMA

  • Número de Controle do Sistema: (OCoLC)oca05767122

040 ## - FONTE DA CATALOGAÇÃO

  • Instituição da catalogação original: DLC-OB
  • Idioma da catalogação: eng
  • Fontes convencionais de descrições de dados: rda
  • Instituição que transcreveu o registro: DLC-OB
  • Instituição que modificou o registro: CU-A
  • Instituição que modificou o registro: DLC

046 ## - CÓDIGO ESPECIAL DE DATAS

  • Data de nascimento: 1953
  • Fonte do esquema de data: edtf

100 1# - CABEÇALHO--NOME PESSOAL

  • Nome pessoal: Dardeau, Rogerio

370 ## - LUGAR ASSOCIADO

  • Local de nascimento: Brazil
  • Fonte do termo: naf

372 ## - CAMPO DE ATIVIDADE

  • Campo de atividade: Labor laws and legislation
  • Campo de atividade: Wine and wine making
  • Fonte do termo: lcsh

374 ## - OCUPAÇÃO

  • Ocupação: Lawyers
  • Ocupação: Wine writers
  • Ocupação: College teachers
  • Ocupação: Authors
  • Fonte do termo: lcsh

377 ## - IDIOMA ASSOCIADO

  • Código do idioma: por

400 1# - REMISSIVA VER--NOME PESSOAL

  • Nome pessoal: Carvalho, Rogerio Dardeau de

400 1# - REMISSIVA VER--NOME PESSOAL

  • Nome pessoal: Dardeau de Carvalho, Rogerio

400 1# - REMISSIVA VER--NOME PESSOAL

  • Nome pessoal: Rogerio Dardeau

670 ## - FONTE POSITIVA DOS DADOS

  • Citação da fonte positiva dos dados: A sociedade em negociação, c2001:
  • Dados encontrados na fonte localizada no subcampo: t.p. (Rogerio Dardeau de Carvalho) front flap (Rogerio Dardeau) back flap (graduated in law, UFRJ; master's degree, production engineering, UFRJ; works at Centro de Estatística Religiosa e Investigações Sociais-CERIS)

670 ## - FONTE POSITIVA DOS DADOS

  • Citação da fonte positiva dos dados: Vinhos : uma festa dos sentidos, 2002:
  • Dados encontrados na fonte localizada no subcampo: title page (Rogerio Dardeau) back flap of cover (Rogerio Dardeau, descendent of a French family of winemakers; has studied wine (especially Brazilian wines) since the 1970s; lawyer specializing in labor law; master's degree, production engineering, UFRJ / COPPE; professor, Universidade Estácio de Sá; member, Centro de Estatística Religiosa e Investigações Sociais-CERIS, an NGO dedicated to sociological research, social projects and the study of the world of work; published Navegador de liberdades (novel) in 1998, Carioca (collection of short stories) in 2000, and A sociedade em negociação (thesis on labor and technology) in 2001)

670 ## - FONTE POSITIVA DOS DADOS

  • Citação da fonte positiva dos dados: Vinho & prazer, 2013:
  • Dados encontrados na fonte localizada no subcampo: title page (Rogerio Dardeau)

670 ## - FONTE POSITIVA DOS DADOS

  • Citação da fonte positiva dos dados: Vinho fino brasileiro, 2015:
  • Dados encontrados na fonte localizada no subcampo: title page (Rogerio Dardeau) t.p. verso (Braz. CIP Hdg.: Dardeau, Rogerio, 1953- )